000 00677nam a2200217Ia 4500
005 20250508170208.0
008 008 250505s9999 xx 000 0 eng d
020 _a978-1-032-23341-3
037 _aTextBook
040 _aFEDL
_beng
_cFEDL
041 _aeng
_2eng
084 _a306.430 954, SHA/R
_qFEDL
100 _aSharma Gunjan
245 0 _aSchooling and aspirations in the urban margins: Ethnography of education in the Indian context
260 _aAbingdon, USA
_bRoutledge
_c2021
300 _aix, 145p.
365 _aINR
_b995
546 _aFirst South Asia edition, 2022
942 _cTB
_h306.430 954, SHA/R
999 _c1399725
_d1399725